000 00373 a2200169 4500
001 48119
020 _a9788508173334
040 _cAnchieta - Aquarius
100 _aIacocca, Liliana
240 1 0 _aFarra no formigueiro
_l
245 1 0 _aFarra no formigueiro
300 _a15
362 0 _a2015
440 1 _aÁtica
650 4 _aLiteratura infanto-juvenil
942 _cBK
999 _c48119
_d48119